Algoritmičeskije jazyki real'nogo vremeni konstruirovanije i razrabotka

Uložené v:
Podrobná bibliografia
Médium: Kniha
Jazyk:Russian
Vydavateľské údaje: Moskva Mir 1985
Tagy: Pridať tag
Žiadne tagy, Buďte prvý, kto otaguje tento záznam!

MARC

LEADER 00000nam a2200000 4500
001 c110417
005 20260130130212.8
041 0 |a rus 
044 |a RU 
245 1 0 |a Algoritmičeskije jazyki real'nogo vremeni  |b konstruirovanije i razrabotka  |c Stephen J. Young ; [Perevod s anglijskogo L.V. Uchov] 
264 1 |a Moskva  |b Mir  |c 1985 
300 |a 400 s.